00713nam a2200253Ia 4500008004100000020002100041041000800062082001600070100002400086245003800110250000600148260003500154300000800189365001300197650001500210650002300225650001700248650002200265650003000287700001700317942001200334999001900346952009400365140306s9999 xx 000 0 und d a0 534 20406 6 aeng a519bHIL/ST aHildebrand, David H aStatistical thinking for managers a4 aNew YorkbDurbury Pressc 1998 a847 bU.S.D.26 aestimation ahypothesis testing aindexnumbers alinear regressiom aprobability distributords aLyman, Ott R 2ddccBK c181673d181673 00102ddc4070aKAUCBVbKAUCBVg0.00l0o519 HIL/STr2014-03-22 00:00:00w2014-03-22yBK